000 00659nam a2200253Ia 4500
003 OSt
005 20221005082839.0
006 a|||||r|||| 00| 0
007 ta
008 221004b |||||||| |||| 00| 0 eng d
024 _a27878
037 _cTextual
040 _aCRL
_cCRL
_beng
041 _2eng
_aeng
082 _aC9B3, M4
100 _aChanda
_9209781
245 0 _aAtomic structure and chemical bond
_b Including molecular spectroscopy
250 _a2nd
260 _aNew Delhi
_bTata McGraw - HIll
_c1984
300 _a416[p
_ccm.
650 _aPHYSICS
942 _hC9B3, M4
_cTEXL
_2cc
999 _c989951
_d989951